000 00507nam a2200193 a 4500
001 1768117515940
003 YourLibrary
005 20260112125814.0
008 260111s2001##################000#0#eng##
020 _a9780333937136
082 0 4 _a302.2242
_bBEN
100 1 _aBender, Peter Urs,
_eauthor.
245 1 0 _aSecrets of Face-to-Face Communication :
260 _c2001.
300 _a252 pages
650 0 _aBusiness communication.
942 _cENGLISH
040 _aYourLibrary
_beng
_cYourLibrary
999 _c608286
_d608286